000
00341 a2200169 4500
001
189295
020
_a
85-262-5241-0
040
_c
Magnum
100
_a
Lima, Edy
240
1
0
_a
Os miseráveis
_l
por
245
1
0
_a
Os miseráveis
300
_a
48
362
0
_a
2004
440
1
_a
Scipione
697
_a
LITERATURA INFANTO
942
_c
BK
999
_c
189295
_d
189295